[Event "OGD Prinsenstad-toernooi - A groep"]
[Site "Delft"]
[Date "2009.01.02"]
[Round "1.3"]
[White "Giri, Anish"]
[Black "Speck, Stefan"]
[Result "1-0"]
[WhiteElo "2447"]
[BlackElo "2062"]
[Annotator "Prinsenstad-toernooi"]
[PlyCount "51"]
[EventDate "2009.01.02"]
[EventType "swiss"]
[EventRounds "6"]
[EventCountry "NED"]
[Source "DSC"]
[SourceDate "2009.01.02"]

1. e4 d5 2. exd5 Nf6 3. d4 Bg4 4. Be2 Bxe2 5. Qxe2 Qxd5 6. Nf3 e6 7. O-O c6 8.
c4 Qh5 9. Nc3 Bd6 10. d5 e5 (10... cxd5 11. cxd5 Nxd5 12. Qb5+ Nd7 13. Qxb7)
11. Rd1 c5 12. Nb5 Kd7 13. Qc2 a6 14. Nxd6 Kxd6 15. b4 Nfd7 16. Ba3 cxb4 17.
Bxb4+ Kc7 18. c5 a5 19. c6 Qg6 20. d6+ Kb6 21. cxb7 Ra6 22. Qc7+ Ka7 23. Bc5+
Nxc5 24. Qxc5+ Kxb7 25. Rab1+ Ka8 26. Qd5+ 1-0

[Event "OGD Prinsenstad-toernooi - A groep"]
[Site "Delft"]
[Date "2009.01.02"]
[Round "1.4"]
[White "Hylkema, Remco"]
[Black "Van Oosterom, Chiel"]
[Result "0-1"]
[WhiteElo "2061"]
[BlackElo "2419"]
[PlyCount "88"]
[EventDate "2009.01.02"]
[EventType "swiss"]
[EventRounds "6"]
[EventCountry "NED"]
[Source "DSC"]
[SourceDate "2009.01.02"]

1. d4 Nf6 2. c4 g6 3. Nc3 Bg7 4. e4 d6 5. Nf3 O-O 6. Be2 Na6 7. O-O e5 8. Be3
Ng4 9. Bg5 Qe8 10. dxe5 dxe5 11. h3 f6 12. Bd2 Nh6 13. Be3 Nf7 14. c5 c6 15.
Bxa6 bxa6 16. Qc2 f5 17. Rad1 f4 18. Bc1 g5 19. Nh2 h5 20. Qe2 Nd8 21. Qc4+ Qe6
22. Qxe6+ Nxe6 23. Na4 Nd4 24. f3 a5 25. Rd2 Rd8 26. Kf2 Ba6 27. Rfd1 Bb5 28.
b3 Bxa4 29. bxa4 Bf8 30. Ba3 Kf7 31. Nf1 Rd7 32. Rc1 Rad8 33. Ke1 Kf6 34. Rb2
Ne6 35. Rd2 Rd3 36. Rcd1 Rxa3 37. Rxd8 Nxd8 38. Rxd8 Bxc5 39. Rc8 Bb4+ 40. Kd1
Rxa2 41. Rxc6+ Ke7 42. Rh6 Rf2 43. Nh2 Rxg2 44. Nf1 Rf2 0-1

[Event "OGD Prinsenstad-toernooi - A groep"]
[Site "Delft"]
[Date "2009.01.02"]
[Round "1.5"]
[White "Broekmeulen, Jasper"]
[Black "Vesters, Melchior"]
[Result "1-0"]
[WhiteElo "2331"]
[BlackElo "2052"]
[PlyCount "51"]
[EventDate "2009.01.02"]
[EventType "swiss"]
[EventRounds "6"]
[EventCountry "NED"]
[Source "DSC"]
[SourceDate "2009.01.02"]

1. e4 b6 2. d4 Bb7 3. Nc3 e6 4. a3 Nf6 5. e5 Ng8 6. Nf3 d6 7. Bd3 Nd7 8. Qe2
Ne7 9. Ng5 Ng6 10. f4 Qe7 11. h4 dxe5 12. fxe5 h6 13. Nxf7 Qxf7 14. Rf1 Nf6 15.
exf6 gxf6 16. Ne4 Be7 17. Nxf6+ Bxf6 18. Bg5 hxg5 19. hxg5 Nf8 20. gxf6 Rh6 21.
O-O-O Rxf6 22. Qe5 Nd7 23. Qxc7 Bxg2 24. Rg1 Bh3 25. Rh1 Rh6 26. Qg3 1-0

[Event "OGD Prinsenstad-toernooi - A groep"]
[Site "Delft"]
[Date "2009.01.02"]
[Round "1.6"]
[White "Schröer, Marcel"]
[Black "Steffens, Olaf"]
[Result "0-1"]
[WhiteElo "2046"]
[BlackElo "2251"]
[PlyCount "60"]
[EventDate "2009.01.02"]
[EventType "swiss"]
[EventRounds "6"]
[EventCountry "NED"]
[Source "DSC"]
[SourceDate "2009.01.02"]

1. Nf3 b6 2. e4 e6 3. d4 Bb7 4. Bd3 Nf6 5. Qe2 d5 6. e5 Nfd7 7. O-O c5 8. c3
Nc6 9. a3 a5 10. Be3 Be7 11. Nbd2 c4 12. Bc2 b5 13. Kh1 b4 14. axb4 axb4 15.
Ng1 b3 16. Rxa8 Qxa8 17. Bb1 Ncxe5 18. dxe5 d4 19. Ngf3 dxe3 20. Qxe3 Bd5 21.
Qf4 O-O 22. Qg4 f5 23. exf6 Nxf6 24. Qh3 g6 25. Ne5 Nh5 26. f3 Kg7 27. Ng4 Bg5
28. Rd1 Qa1 29. Nxc4 Bxc4 30. Ne5 Qxb2 0-1

[Event "OGD Prinsenstad-toernooi - A groep"]
[Site "Delft"]
[Date "2009.01.03"]
[Round "2.1"]
[White "Van der Plas, Rob"]
[Black "Van den Doel, Erik"]
[Result "0-1"]
[WhiteElo "2152"]
[BlackElo "2566"]
[PlyCount "100"]
[EventDate "2009.01.02"]
[EventType "swiss"]
[EventRounds "6"]
[EventCountry "NED"]
[Source "DSC"]
[SourceDate "2009.01.02"]

1. d4 Nf6 2. c4 e6 3. Nc3 Bb4 4. Bg5 c5 5. d5 h6 6. Bh4 Bxc3+ 7. bxc3 d6 8. e3
e5 9. Bd3 e4 10. Bc2 Nbd7 11. Ne2 Qe7 12. Qb1 Kd8 13. O-O Kc7 14. a4 a5 15. Ra2
g5 16. Bg3 b6 17. Qb5 Bb7 18. Nc1 Ne5 19. Rb2 Nfd7 20. Bxe5 Qxe5 21. Ne2 f5 22.
f4 exf3 23. Rxf3 Rhf8 24. Ng3 f4 25. exf4 gxf4 26. Ne4 Rae8 27. Bb1 Re7 28.
Rbf2 Rg7 29. Bd3 Rfg8 30. Qb2 Ba6 31. Re2 Qh5 32. Rxf4 Ne5 33. Qd2 Qf3 34. Rxf3
Nxf3+ 35. Kf1 Nxd2+ 36. Rxd2 Rf8+ 37. Rf2 Rgf7 38. Rxf7+ Rxf7+ 39. Ke2 Bc8 40.
Ke3 Bd7 41. Bc2 Rf1 42. h4 Rc1 43. Kd2 Rg1 44. g3 Bf5 45. Ke3 Bxe4 46. Kxe4
Rxg3 47. Kf5 Rxc3 48. Bd1 Rxc4 49. h5 Rd4 50. Bf3 c4 0-1

[Event "OGD Prinsenstad-toernooi - A groep"]
[Site "Delft"]
[Date "2009.01.03"]
[Round "2.2"]
[White "Reinderman, Dimitri"]
[Black "Legemaat, Gert"]
[Result "1-0"]
[WhiteElo "2545"]
[BlackElo "2188"]
[PlyCount "87"]
[EventDate "2009.01.02"]
[EventType "swiss"]
[EventRounds "6"]
[EventCountry "NED"]
[Source "DSC"]
[SourceDate "2009.01.02"]

1. e4 Nc6 2. Nf3 d6 3. d4 Nf6 4. Nc3 Bg4 5. Be3 e6 6. h3 Bxf3 7. Qxf3 d5 8. a3
Be7 9. e5 Nd7 10. Qg3 g6 11. h4 Nxd4 12. Bxd4 c5 13. Be3 d4 14. Bb5 Qc7 15.
Bxd7+ Qxd7 16. O-O-O Qc6 17. Bxd4 cxd4 18. Rxd4 Rc8 19. Rh3 h5 20. Qf3 Qa6 21.
Rh1 b5 22. Qd3 Rc5 23. f4 Qc6 24. Rd1 O-O 25. Rd7 Re8 26. Ne4 Rd5 27. Rxd5 exd5
28. Qxd5 Qb6 29. Nd6 Bxd6 30. exd6 Qe3+ 31. Kb1 Qxf4 32. Qxb5 Rd8 33. Qg5 Qxg5
34. hxg5 f6 35. c4 Kf7 36. c5 Ke6 37. gxf6 Kd7 38. f7 Rf8 39. Rf1 g5 40. Kc2 h4
41. Kd3 g4 42. Kc4 Ke6 43. Re1+ Kxf7 44. d7 1-0

[Event "OGD Prinsenstad-toernooi - A groep"]
[Site "Delft"]
[Date "2009.01.03"]
[Round "2.3"]
[White "Meulenbroek, Kim"]
[Black "Giri, Anish"]
[Result "0-1"]
[WhiteElo "2103"]
[BlackElo "2447"]
[Annotator "Prinsenstad-toernooi"]
[PlyCount "128"]
[EventDate "2009.01.02"]
[EventType "swiss"]
[EventRounds "6"]
[EventCountry "NED"]
[Source "DSC"]
[SourceDate "2009.01.02"]

1. e4 c5 2. b3 Nc6 3. Bb2 e5 4. Bc4 d6 5. Ne2 Nf6 6. d3 a6 7. O-O g6 8. a4 Bg7
9. Nbc3 O-O 10. Nd5 Nxd5 11. Bxd5 Qh4 12. f4 Bg4 13. Bxc6 bxc6 14. Qe1 Qxe1 15.
Raxe1 f6 16. Ng3 Be6 17. Bc1 Bf7 18. fxe5 fxe5 19. Be3 Be6 20. Re2 Bf6 21. Ref2
Be7 22. Rxf8+ Bxf8 23. Rf2 Rb8 24. Nf1 Be7 25. Nd2 Kg7 26. Nc4 h5 27. g3 Bh3
28. Bd2 Rd8 29. Na5 Rc8 30. Nc4 Rh8 31. Bc3 Kg8 32. Na5 Bd7 33. h4 g5 34. hxg5
Bxg5 35. Nc4 Be7 36. Ne3 h4 37. gxh4 Bxh4 38. Rg2+ Kf7 39. Nc4 Be7 40. Ba5 Bh3
41. Rg3 Rh6 42. Bd2 Rh7 43. Bg5 Bd7 44. Bd2 Be6 45. Be1 Ke8 46. Rg6 Kf7 47. Rg3
Rh6 48. Bd2 Rh8 49. Be1 Ke8 50. Rg6 Kf7 51. Rg3 Rh5 52. Na5 Bd7 53. Nc4 Be6 54.
Na5 Bd7 55. Nc4 Rh8 56. Kg2 Ke8 57. Bd2 Rh7 58. Bg5 Bf8 59. Be3 Be6 60. Rg6 Kf7
61. Rg3 Rh5 62. Na5 Bd7 63. Nc4 Be7 64. Bd2 Rh7 {
Vele zetten later won zwart te partij.} 0-1

[Event "OGD Prinsenstad-toernooi - A groep"]
[Site "Delft"]
[Date "2009.01.03"]
[Round "2.4"]
[White "Van Oosterom, Chiel"]
[Black "Goerke, Joachim"]
[Result "1-0"]
[WhiteElo "2419"]
[BlackElo "2163"]
[PlyCount "61"]
[EventDate "2009.01.02"]
[EventType "swiss"]
[EventRounds "6"]
[EventCountry "NED"]
[Source "DSC"]
[SourceDate "2009.01.02"]

1. e4 c5 2. c3 d5 3. exd5 Qxd5 4. d4 cxd4 5. cxd4 Nc6 6. Nf3 e6 7. Nc3 Bb4 8.
Bd3 Nf6 9. O-O Qd8 10. a3 Bd6 11. Re1 O-O 12. Bg5 Be7 13. Bc2 Nd5 14. Qd3 f5
15. Bxe7 Ncxe7 16. Bb3 Rf6 17. Re5 Nf4 18. Qd2 Nfg6 19. Re2 Qb6 20. Ba2 Bd7 21.
d5 Rd8 22. d6 Nc8 23. Rd1 h6 24. Nd4 Kh7 25. Nxe6 Bxe6 26. Bxe6 Rxd6 27. Nd5
Qd8 28. Bxc8 Rxd5 29. Qxd5 Qxd5 30. Rxd5 Rc6 31. g3 1-0

[Event "OGD Prinsenstad-toernooi - A groep"]
[Site "Delft"]
[Date "2009.01.03"]
[Round "2.5"]
[White "Barendse, Ted"]
[Black "Broekmeulen, Jasper"]
[Result "0-1"]
[WhiteElo "2088"]
[BlackElo "2331"]
[Annotator "Prinsenstad-toernooi"]
[PlyCount "143"]
[EventDate "2009.01.02"]
[EventType "swiss"]
[EventRounds "6"]
[EventCountry "NED"]
[Source "DSC"]
[SourceDate "2009.01.02"]

1. e4 c5 2. Nf3 Nc6 3. Nc3 g6 4. d4 cxd4 5. Nxd4 Bg7 6. Be3 Nf6 7. Bc4 d6 8. f3
O-O 9. Qd2 Bd7 10. O-O-O Rb8 11. h4 Ne5 12. Bb3 b5 13. Bh6 b4 14. Nd5 Nxd5 15.
Bxd5 e6 16. Bxg7 Kxg7 17. f4 exd5 18. fxe5 dxe5 19. Nf3 f6 20. h5 g5 21. h6+
Kh8 22. Qxd5 Ba4 23. b3 Qxd5 24. exd5 Bd7 25. Rhf1 Kg8 26. Kb2 Rbc8 27. Nd2 Kf7
28. Ne4 Kg6 29. Nd6 Rcd8 30. Nb7 Rb8 31. Nc5 Bg4 32. Rd2 Rbc8 33. Na6 Kxh6 34.
Nxb4 e4 35. Nc6 e3 36. Rd4 Bd7 37. Ne7 Rce8 38. Re4 f5 39. Rxe3 g4 40. g3 Kg5
41. d6 Rf6 42. Rd3 h5 43. Rd5 h4 44. gxh4+ Kxh4 45. Nxf5+ Bxf5 46. Rfxf5 Rxf5
47. Rxf5 g3 48. Rf7 Rg8 49. d7 g2 50. Rg7 Rxg7 51. d8=Q+ Rg5 52. Qd4+ Kh3 53.
Qe3+ Rg3 54. Qg1 Rf3 55. Qxa7 Kh2 56. Qc7+ Rg3 57. Qh7+ Rh3 58. Qc7+ Rg3 59.
Qc5 g1=Q 60. Qxg1+ Kxg1 61. a4 Kf2 62. b4 Ke3 63. Kc3 Ke4+ 64. Kc4 Ke5 65. a5 (
65. Kc5 Rc3+ 66. Kb6 Rxc2 (66... Rc4 67. c3 Rxc3 68. a5 Kd6) 67. a5 Kd6 68. b5
Rb2) 65... Kd6 66. Kb5 Kc7 67. c4 Kb7 68. a6+ Ka7 69. Ka5 Ra3+ 70. Kb5 Rxa6 71.
c5 Rh6 72. Ka5 0-1

[Event "OGD Prinsenstad-toernooi - A groep"]
[Site "Delft"]
[Date "2009.01.03"]
[Round "2.11"]
[White "Oranje, Richard"]
[Black "Kirana, Marco"]
[Result "0-1"]
[WhiteElo "2118"]
[BlackElo "1892"]
[Annotator "Prinsenstad-toernooi"]
[PlyCount "102"]
[EventDate "2009.01.02"]
[EventType "swiss"]
[EventRounds "6"]
[EventCountry "NED"]
[Source "DSC"]
[SourceDate "2009.01.02"]

1. e4 c6 2. d4 d5 3. e5 Bf5 4. Nf3 e6 5. Be2 Nd7 6. O-O h6 7. b3 Ne7 8. Ba3 Ng6
9. Bxf8 Ndxf8 10. Qc1 Bg4 11. Qe3 Bxf3 12. Bxf3 Nh7 13. g3 O-O 14. Bg2 Ne7 15.
Bh3 Re8 16. f4 Rc8 17. Nc3 Qa5 18. b4 Qxb4 19. Rfb1 Qc4 20. Rxb7 c5 21. Nb5 Rb8
22. Nd6 Qxc2 23. Qb3 (23. Rc1 cxd4 24. Rxc2 dxe3 25. Rcc7 Rxb7 26. Rxb7 Kf8 27.
Nxe8 Kxe8 28. Rb8+ Kd7 29. Rh8 Ng5 30. fxg5 Ng6 31. gxh6 gxh6 32. Rxh6 Nxe5 $16
) 23... Qxb3 24. Rxb3 c4 25. Ra3 Rf8 26. Rxa7 Nc6 27. Rc7 (27. Rxf7 Rxf7 28.
Bxe6 Nd8 29. Bxd5 $14) 27... Nxd4 28. a4 Rb2 29. Bg4 Ra8 30. Bh5 g6 31. Nxf7
gxh5 32. Nxh6+ Kh8 33. Nf7+ Kg7 34. Ng5+ Kg6 35. Nxh7 c3 36. Ng5 c2 37. Rf1 Rb1
38. Nxe6 c1=Q 39. Rcxc1 Ne2+ 40. Kg2 Nxc1 41. f5+ Kh6 42. f6 Rb2+ 43. Kh3 Nd3
44. f7 Nf2+ 45. Kh4 Rb4+ 46. Nf4 Nd3 47. e6 Nxf4 48. gxf4 Kg7 49. Kxh5 Kf6 50.
Rg1 Rh8+ 51. Kg4 Kxe6 0-1

[Event "OGD Prinsenstad-toernooi - A groep"]
[Site "Delft"]
[Date "2009.01.03"]
[Round "3.1"]
[White "Broekmeulen, Jasper"]
[Black "Reinderman, Dimitri"]
[Result "1/2-1/2"]
[WhiteElo "2331"]
[BlackElo "2545"]
[Annotator "Dimitri Reinderman"]
[PlyCount "73"]
[EventDate "2009.01.02"]
[EventType "swiss"]
[EventRounds "6"]
[EventCountry "NED"]
[Source "DSC"]
[SourceDate "2009.01.02"]

1. e4 c5 2. Nf3 Nc6 3. Nc3 Nf6 4. d4 cxd4 5. Nxd4 e5 6. Ndb5 d6 7. Bg5 a6 8.
Na3 b5 9. Nd5 Be7 10. Bxf6 Bxf6 11. c3 Bg5 12. Nc2 O-O 13. a4 bxa4 14. Nce3 Ne7
15. Qxa4 Bb7 16. Rd1 Bxe3 17. Nxe3 Qc7 18. Bd3 g6 19. h4 Kg7 20. h5 Ng8 21. Rh3
Nf6 22. hxg6 fxg6 23. Bc2 a5 24. Qa3 Rad8 25. Rh4 {Diagram #} {
Ik dacht hier een pion te winnen:} g5 26. Nf5+ Kh8 27. Rh6 Bxe4 28. Rxf6 Bxc2 {
Met dubbele aanval en winst?} {Ik had echter een zet overzien:} 29. Qxd6 $1 ({(
} 29. Qxd6 {)} {De dame kan niet geslagen worden (} Rxd6 {)} {wegens mat op (}
30. Rxf8# {), wat nu evengoed dreigt.}) 29... Qxd6 $2 ({Ik dacht dat er niets
beter inzat dan dames ruilen, maar had toch iets beter moeten kijken, want} 
29... Qb8 $1 {dekt het mat en houdt de dubbele aanval intact, met groot
voordeel voor zwart. In de partij wist ik maar moeizaam remise te maken.}) 30.
Rdxd6 Kg8 31. Rxf8+ Rxf8 32. Ne3 Bb3 33. Ra6 a4 34. Ra5 Re8 35. Ng4 Rd8 36. Ne3
Re8 37. Ng4 (37. Nf1 $14 -- 38. Nd2 -- 39. Nf3) 1/2-1/2

[Event "OGD Prinsenstad-toernooi - A groep"]
[Site "Delft"]
[Date "2009.01.03"]
[Round "3.2"]
[White "Giri, Anish"]
[Black "Steffens, Olaf"]
[Result "1-0"]
[WhiteElo "2447"]
[BlackElo "2251"]
[Annotator "Prinsenstad-toernooi"]
[PlyCount "45"]
[EventDate "2009.01.02"]
[EventType "swiss"]
[EventRounds "6"]
[EventCountry "NED"]
[Source "DSC"]
[SourceDate "2009.01.02"]

1. d4 Na6 2. e4 c6 3. Nc3 Nc7 4. Nf3 g6 5. Bd3 Bg7 6. h3 d6 7. Be3 f5 8. Qd2
fxe4 9. Nxe4 Nd5 10. Bg5 Bf5 11. O-O Qd7 12. c4 Ndf6 13. Rfe1 h6 14. Bxf6 Nxf6
15. Nh4 Nxe4 16. Bxe4 Bf6 17. Nxg6 Bxe4 18. Rxe4 Rg8 19. Nxe7 Bxe7 20. Rae1
O-O-O 21. Rxe7 Qxh3 22. f4 {Diagram #} Rdf8 $4 23. Re8+ (23. Re8+ Rxe8 24.
Rxe8+ Rxe8 25. gxh3 $19) 1-0

[Event "OGD Prinsenstad-toernooi - A groep"]
[Site "Delft"]
[Date "2009.01.03"]
[Round "3.3"]
[White "Op den Kelder, Joram"]
[Black "Van Oosterom, Chiel"]
[Result "1-0"]
[WhiteElo "2228"]
[BlackElo "2419"]
[PlyCount "68"]
[EventDate "2009.01.02"]
[EventType "swiss"]
[EventRounds "6"]
[EventCountry "NED"]
[Source "DSC"]
[SourceDate "2009.01.02"]

1. Nf3 c5 2. c4 Nc6 3. d4 cxd4 4. Nxd4 f5 5. Nc3 g6 6. e4 fxe4 7. Nxe4 Bg7 8.
Be3 Nf6 9. Nxf6+ Bxf6 10. Qd2 Nxd4 11. Bxd4 O-O 12. Bxf6 Rxf6 13. Be2 Qb6 14.
O-O d6 15. Bf3 Be6 16. b3 Raf8 17. Rfe1 R8f7 18. Rac1 a5 19. Re2 Bf5 20. Qe1
Kf8 21. c5 dxc5 22. Re5 Bd7 23. Rexc5 Bc6 24. Bxc6 bxc6 25. f3 Rf5 26. Qf2 R5f6
27. Re5 Qd8 28. Rec5 Qb6 29. R5c4 Qd8 30. Qd4 Qe8 31. Rc5 Kg8 32. Qc4 Rf4 33.
Qc3 R7f6 34. Qxa5 Qd7 1-0

[Event "OGD Prinsenstad-toernooi - A groep"]
[Site "Delft"]
[Date "2009.01.03"]
[Round "3.4"]
[White "Van den Doel, Erik"]
[Black "Kirana, Marco"]
[Result "1-0"]
[WhiteElo "2566"]
[BlackElo "1892"]
[PlyCount "81"]
[EventDate "2009.01.02"]
[EventType "swiss"]
[EventRounds "6"]
[EventCountry "NED"]
[Source "DSC"]
[SourceDate "2009.01.02"]

1. Nf3 Nf6 2. g3 g6 3. Bg2 Bg7 4. O-O O-O 5. d4 d5 6. c4 c6 7. cxd5 cxd5 8. Nc3
Nc6 9. Ne5 e6 10. Nxc6 bxc6 11. Bf4 Nd7 12. Rc1 Nb6 13. Re1 f5 14. Na4 g5 15.
Be5 Bxe5 16. dxe5 Nxa4 17. Qxa4 Bb7 18. Rc5 Qc7 19. Qd4 h5 20. h4 f4 21. hxg5
fxg3 22. f4 Qf7 23. Rf1 Rab8 24. Bh3 h4 25. Bg4 Rbe8 26. Kg2 Qg6 27. Rh1 Qh7
28. b4 Kg7 29. Rc3 Qe4+ 30. Qxe4 dxe4 31. Rxh4 Rxf4 32. b5 c5 33. Rxc5 Re7 34.
Kxg3 Rf1 35. Bxe6 Kg6 36. Bc4 Rf5 37. a4 Rxg5+ 38. Rg4 e3 39. Rxg5+ Kxg5 40.
e6+ Kf6 41. Kf4 1-0

[Event "OGD Prinsenstad-toernooi - A groep"]
[Site "Delft"]
[Date "2009.01.03"]
[Round "3.5"]
[White "Van Helvoort, Rob"]
[Black "Meurs, Tom"]
[Result "1/2-1/2"]
[WhiteElo "2196"]
[BlackElo "2173"]
[PlyCount "80"]
[EventDate "2009.01.02"]
[EventType "swiss"]
[EventRounds "6"]
[EventCountry "NED"]
[Source "DSC"]
[SourceDate "2009.01.02"]

1. e4 e5 2. Nf3 Nc6 3. d4 exd4 4. Nxd4 Bc5 5. Nb3 Bb6 6. Nc3 Qf6 7. Qe2 Nge7 8.
Be3 Bxe3 9. Qxe3 a6 10. O-O-O O-O 11. f4 d6 12. Be2 Qe6 13. g4 f5 14. gxf5 Nxf5
15. Qd3 Nfe7 16. Nd5 Qd7 17. Rhg1 Nxd5 18. exd5 Ne7 19. Bg4 Nf5 20. Nd4 Qf7 21.
Bxf5 Bxf5 22. Qb3 Rae8 23. Rdf1 Re4 24. c3 Qe7 25. Nxf5 Rxf5 26. Qxb7 Rexf4 27.
Re1 Re4 28. Qc8+ Rf8 29. Rxe4 Qxe4 30. Qe6+ Qxe6 31. dxe6 Rf6 32. Re1 Kf8 33.
Re4 Ke7 34. Ra4 Rf1+ 35. Kc2 Rf2+ 36. Kb3 Rxh2 37. Rxa6 g5 38. a4 g4 39. Rc6
Kxe6 40. Rxc7 Rh6 1/2-1/2

[Event "OGD Prinsenstad-toernooi - A groep"]
[Site "Delft"]
[Date "2009.01.03"]
[Round "3.6"]
[White "Vlam, Hora"]
[Black "Meng, Roger"]
[Result "1-0"]
[WhiteElo "2037"]
[BlackElo "1994"]
[PlyCount "111"]
[EventDate "2009.01.02"]
[EventType "swiss"]
[EventRounds "6"]
[EventCountry "NED"]
[Source "DSC"]
[SourceDate "2009.01.02"]

1. c4 e5 2. d3 Nc6 3. Nc3 f5 4. Nf3 Nf6 5. g3 Bc5 6. Bg2 O-O 7. O-O d6 8. Rb1
a5 9. a3 Qe8 10. Nd5 Nxd5 11. cxd5 Ne7 12. d4 exd4 13. Nxd4 Kh8 14. b4 axb4 15.
axb4 Bb6 16. Bb2 Qg6 17. e3 Bd7 18. Ra1 Ng8 19. Qb3 Rae8 20. Ne2 Bb5 21. Nf4
Qh6 22. Rfd1 Nf6 23. Ne6 Rf7 24. Bd4 Bxd4 25. Rxd4 Ng4 26. h3 Ne5 27. Ra7 c6
28. dxc6 Bxc6 29. Bxc6 bxc6 30. Rxf7 Nxf7 31. Nc7 Rf8 32. Rh4 Qf6 33. Qe6 Ne5
34. Qxf6 Rxf6 35. Kg2 Rf7 36. Ne6 g6 37. Rd4 Rd7 38. f4 Nf7 39. Rc4 Re7 40. Nd4
c5 41. Nc2 cxb4 42. Rxb4 Kg7 43. Kf3 Nd8 44. Nd4 Kf7 45. g4 Ne6 46. Nxe6 Kxe6
47. e4 Kf6 48. exf5 gxf5 49. g5+ Kg6 50. Rb6 Re6 51. h4 Kh5 52. Rb7 h6 53. Rh7
d5 54. Rd7 Kxh4 55. gxh6 Rxh6 56. Rf7 1-0

[Event "OGD Prinsenstad-toernooi - A groep"]
[Site "Delft"]
[Date "2009.01.03"]
[Round "4.1"]
[White "Van den Doel, Erik"]
[Black "Op den Kelder, Joram"]
[Result "1-0"]
[WhiteElo "2566"]
[BlackElo "2228"]
[PlyCount "75"]
[EventDate "2009.01.02"]
[EventType "swiss"]
[EventRounds "6"]
[EventCountry "NED"]
[Source "DSC"]
[SourceDate "2009.01.02"]

1. e4 c5 2. Nf3 d6 3. c3 Nf6 4. h3 Nc6 5. Bd3 e5 6. O-O Be7 7. Bc2 O-O 8. d4
Qc7 9. d5 Nb8 10. a4 Ne8 11. b4 Nd7 12. Na3 g6 13. Be3 Ng7 14. Nb5 Qb6 15. Nd2
Qd8 16. Nc4 cxb4 17. Nbxd6 bxc3 18. Nb5 b6 19. Nxc3 Bg5 20. Qd2 Bxe3 21. Qxe3
Ba6 22. Nb5 Re8 23. Rfc1 Bxb5 24. axb5 Nc5 25. Ra3 Qd7 26. Rca1 Qc7 27. Qc3 f6
28. h4 Rec8 29. Qf3 Ne8 30. h5 g5 31. h6 a5 32. bxa6 Rxa6 33. Rxa6 Nxa6 34. d6
Qb7 35. Bb3 Kf8 36. d7 Qxd7 37. Rxa6 Qb5 38. Rxb6 1-0

[Event "OGD Prinsenstad-toernooi - A groep"]
[Site "Delft"]
[Date "2009.01.03"]
[Round "4.2"]
[White "Broekmeulen, Jasper"]
[Black "Giri, Anish"]
[Result "1/2-1/2"]
[WhiteElo "2331"]
[BlackElo "2447"]
[PlyCount "67"]
[EventDate "2009.01.02"]
[EventType "swiss"]
[EventRounds "6"]
[EventCountry "NED"]
[Source "DSC"]
[SourceDate "2009.01.02"]

1. e4 c5 2. Nf3 e6 3. d3 b6 4. g3 Bb7 5. Bg2 d6 6. O-O Nf6 7. Nbd2 Be7 8. Re1
O-O 9. c3 Nc6 10. a3 Rc8 11. b4 Qc7 12. b5 Na5 13. c4 Nd7 14. Bb2 Rfe8 15. Nf1
Rcd8 16. Ne3 Bf6 17. Bxf6 Nxf6 18. h4 d5 19. cxd5 exd5 20. e5 Nd7 21. d4 cxd4
22. Rc1 Qb8 23. Nf5 Nxe5 24. Qxd4 Nb3 25. Qb2 Nxc1 26. Rxe5 d4 27. Rxe8+ Rxe8
28. Qxc1 Bxf3 29. Bxf3 Qe5 30. Qc6 Rd8 31. Be4 g6 32. f4 Qe8 33. Nxd4 Qe7 34.
Nf3 1/2-1/2

[Event "OGD Prinsenstad-toernooi - A groep"]
[Site "Delft"]
[Date "2009.01.03"]
[Round "4.2"]
[White "Swarts, Robin"]
[Black "Lambrechts, Stan"]
[Result "1/2-1/2"]
[WhiteElo "1517"]
[BlackElo "1505"]
[PlyCount "112"]
[EventDate "2009.01.02"]
[EventType "swiss"]
[EventRounds "6"]
[EventCountry "NED"]
[Source "DSC"]
[SourceDate "2009.01.02"]

1. e4 c6 2. d4 d5 3. exd5 cxd5 4. Nf3 Bg4 5. Be2 e6 6. Bf4 Nf6 7. Nbd2 Be7 8.
c3 Nbd7 9. Ne5 Nxe5 10. Bxe5 Bxe2 11. Qxe2 O-O 12. Qf3 Nd7 13. Qg3 Nxe5 14.
Qxe5 Rc8 15. O-O Qb6 16. Rab1 Bf6 17. Qg3 Be7 18. Nf3 Qd6 19. Qxd6 Bxd6 20.
Rfe1 Rc7 21. g3 Rfc8 22. Ne5 a5 23. Nd3 b5 24. Rec1 b4 25. cxb4 Bxb4 26. Rxc7
Rxc7 27. Rc1 Rxc1+ 28. Nxc1 Kf8 29. Kf1 Ke7 30. Ke2 Kd7 31. a3 Bd6 32. Nd3 Kc6
33. a4 f6 34. f4 h6 35. h4 Kd7 36. Ke3 g5 37. hxg5 hxg5 38. Kf3 gxf4 39. gxf4
f5 40. Ke3 Be7 41. Kd2 Kd6 42. Kc3 Bf6 43. b4 axb4+ 44. Nxb4 Kc7 45. Nd3 Bd8
46. Nc5 Kc6 47. Kb4 Be7 48. a5 Bxc5+ 49. dxc5 Kb7 50. Kb5 e5 51. c6+ Kc7 52.
fxe5 f4 53. e6 f3 54. e7 f2 55. e8=Q f1=Q+ 56. Ka4 Qc4+ 1/2-1/2

[Event "OGD Prinsenstad-toernooi - A groep"]
[Site "Delft"]
[Date "2009.01.03"]
[Round "4.3"]
[White "Reinderman, Dimitri"]
[Black "Vlam, Hora"]
[Result "1-0"]
[WhiteElo "2545"]
[BlackElo "2037"]
[Annotator "Prinsenstad-toernooi"]
[PlyCount "55"]
[EventDate "2009.01.02"]
[EventType "swiss"]
[EventRounds "6"]
[EventCountry "NED"]
[Source "DSC"]
[SourceDate "2009.01.02"]

1. e4 c5 2. Nf3 Nc6 3. d4 cxd4 4. Nxd4 g6 5. Nc3 Bg7 6. Nde2 Nf6 7. g3 O-O 8.
Bg2 d6 9. O-O Be6 10. h3 Rc8 11. Nd5 Ne5 12. a4 Nc4 13. Ra2 Nb6 14. b3 Nbxd5
15. exd5 Bf5 16. c4 b6 17. Nd4 Bd7 18. Re1 a6 19. Qd3 Re8 20. Rae2 Rc7 21. Ba3
Qc8 22. g4 h5 23. g5 Nh7 24. h4 Bg4 25. f3 Bf5 26. Nxf5 Qxf5 27. Qxf5 gxf5 28.
Bxd6 (28. Bxd6 Rd7 29. Bxe7 Bc3 30. Ba3 $1) 1-0

[Event "OGD Prinsenstad-toernooi - A groep"]
[Site "Delft"]
[Date "2009.01.03"]
[Round "4.4"]
[White "Van Oosterom, Chiel"]
[Black "Coene, Igor"]
[Result "1-0"]
[WhiteElo "2419"]
[BlackElo "2180"]
[PlyCount "81"]
[EventDate "2009.01.02"]
[EventType "swiss"]
[EventRounds "6"]
[EventCountry "NED"]
[Source "DSC"]
[SourceDate "2009.01.02"]

1. e4 c5 2. Nf3 Nc6 3. c3 Nf6 4. e5 Nd5 5. Bc4 Nb6 6. Bb3 c4 7. Bc2 d5 8. exd6
e5 9. d4 cxd3 10. Qxd3 Qxd6 11. Qe2 Bg4 12. O-O Be7 13. Rd1 Qf6 14. Nbd2 O-O-O
15. a4 Nd5 16. a5 Nf4 17. Qe3 Bf5 18. Ne4 Qg6 19. Rxd8+ Rxd8 20. g3 Bxe4 21.
Bxe4 Rd1+ 22. Ne1 Qg4 23. Bc2 Ne2+ 24. Kf1 Rxc1 25. Rxc1 Nxc1 26. Qxc1 Bc5 27.
b4 Bd6 28. Qd2 Qe6 29. Be4 f5 30. Bd5 Qd7 31. Bg8 g6 32. Qh6 e4 33. Bxh7 Ne5
34. Bxg6 Qb5+ 35. Kg2 Ng4 36. Qh8+ Kc7 37. Qh7+ Kb8 38. Bxf5 Ne3+ 39. fxe3 Qe2+
40. Kh3 Bf8 41. Bxe4 1-0